The price of social security (Record no. 65489)

MARC details
000 -LEADER
fixed length control field 00552nam a2200205Ia 4500
008 - FIXED-LENGTH DATA ELEMENTS--GENERAL INFORMATION
fixed length control field 191130s2007##################000#0#eng##
020 ## - INTERNATIONAL STANDARD BOOK NUMBER
ISBN 9780415177191
082 ## - DEWEY DECIMAL CLASSIFICATION NUMBER
Classification number 301 WIL
100 ## - MAIN ENTRY--AUTHOR NAME
Personal name Williams, Gertrude
245 ## - TITLE STATEMENT
Title The price of social security
Statement of responsibility, etc Gertrude Williams
250 ## - EDITION STATEMENT
Edition statement 1st edition
260 ## - PUBLICATION, DISTRIBUTION, ETC. (IMPRINT)
Place of publication Oxon
Name of publisher [publisher not identified]
Year of publication 2007
300 ## - PHYSICAL DESCRIPTION
Number of Pages vii, 208p
500 ## - GENERAL NOTE
General note Includes index
650 ## - SUBJECT ADDED ENTRY--TOPICAL TERM
Topical Term Social Science
991 ## -
-- 131897
Holdings
Withdrawn status Lost status Damaged status Not for loan Home library Current library Shelving location Date acquired Full call number Accession Number Price effective from Koha item type
        Anna Centenary Library Anna Centenary Library 3RD FLOOR, B WING 09.10.2020 301 WIL 176234 09.10.2020 English Books

Find us on the map